UBT Library

Decks, porches, and patios / (Record no. 44765)

000 -LEADER
fixed length control field 00688pam a2200229 a 4500
001 - CONTROL NUMBER
control field 1596188
005 - DATE AND TIME OF LATEST TRANSACTION
control field 20180312091247.0
008 - FIXED-LENGTH DATA ELEMENTS--GENERAL INFORMATION
fixed length control field 940311s1994 vaua f 001 0 eng
010 ## - LIBRARY OF CONGRESS CONTROL NUMBER
LC control number 94013264
020 ## - INTERNATIONAL STANDARD BOOK NUMBER
International Standard Book Number 0783538502 (trade)
020 ## - INTERNATIONAL STANDARD BOOK NUMBER
International Standard Book Number 0783538510 (lib. bdg.)
040 ## - CATALOGING SOURCE
Original cataloging agency DLC
Transcribing agency DLC
Modifying agency DLC
041 ## - LANGUAGE CODE
Language code of text/sound track or separate title eng
080 ## - UNIVERSAL DECIMAL CLASSIFICATION NUMBER
Universal Decimal Classification number 690..184 JAM
082 00 - DEWEY DECIMAL CLASSIFICATION NUMBER
Classification number 690..184 JAM
Edition number 20
100 ## - Rafti
Rafti 42
101 ## - Shkurtesa
Shkurtesa NDE
245 00 - TITLE STATEMENT
Title Decks, porches, and patios /
Statement of responsibility, etc by the editors of Time-Life Books.
906 ## - LOCAL DATA ELEMENT F, LDF (RLIN)
a 7
b cbc
c orignew
d 1
e ocip
f 19
g y-gencatlg
942 ## - ADDED ENTRY ELEMENTS (KOHA)
Source of classification or shelving scheme
Item type Books
Holdings
Withdrawn status Lost status Source of classification or shelving scheme Damaged status Not for loan Collection code Permanent location Current location Shelving location Date acquired Total Checkouts Full call number Barcode Date last seen Price effective from Koha item type
          Koleksioni i përgjithshem UBT - Lipjan UBT - Lipjan Koleksioni i përgjithshem 03/12/2018   690..184 JAM 002-3001396 03/12/2018 03/12/2018 Books
UBT Library © 2015-2024. All rights reserved University Education for Business and Technology